000 00519nam a22001697a 4500
005 20251108171913.0
008 250721s2002 xx 000 0 ara d
082 1 4 _a650/جوا
100 1 _aجواد، شوقي ناجي
245 1 0 _aإدارة الأعمال الدولية :
_bمدخل تتابعي /
264 1 _aعمان :
_bالأهلية للنشر والتوزيع،
_c2002.
300 _a399ص
650 1 7 _aإدارة الأعمال
650 1 7 _aالإقتصاد
942 _2ddc
_cBK
999 _c65582
_d65582